000 00703nam a22002057a 4500
001 000030491
003 RuMoIPM
005 20260506111632.0
008 260506s1957 ur ||||| |||| 00| 0 rus d
040 _aRuMoIPM
_brus
_ercr
041 _arus
044 _aru
080 _a51(07)
100 1 _aСавчук, Петр Миронович
245 1 0 _aСборник задач по высшей математике
_bДля техникумов : [учебное пособие]
_cП. М. Савчук ; Под ред. Г. С. Бараненкова
260 _aМосква
_bГостехиздат
_c1957
300 _a132 с.
700 1 _aБараненков, Г. С
_eред.
942 _cBK
999 _c30491
_d30491